000 00298nam a22001337a 4500
008 170204b xxu||||| |||| 00| 0 eng d
020 _a079100613
041 _aeng
080 _a61
100 _a3
101 _aSHM
245 _aTHE ENCYCLOPEDIA OF HEALTH/ DIABETES
_cLITTLE, M
942 _2udc
_cBK
999 _c4558
_d4558